000 00396nam a22001697a 4500
003 OSt
008 230512b |||||||| |||| 00| 0 eng d
020 _a9789350143155
082 _a604.2 GIE
100 _aGILL,Pritam Singh
245 _aEngineering Drawing
250 _a13th Ed Rep
260 _aNew Delhi
_bKatson
_c2021
300 _a678
650 _aDecentralization
942 _2ddc
_cREF
999 _c12042
_d12042